000
00286nam a2200097Ia 4500
001
653869
005
20250826154506.0
008
250824s9999 xx 000 0 und d
245
0
_a
ZAMANDA GEZİNEN ÜÇ KAFADAR DA VİNCİ BİZE DAHİ DEDİ
_c
JON SCİESZKA
260
_b
GÜNIŞIĞI YAYINLARI
999
_c
653869
_d
653869